书目信息 |
| 题名: |
乾嘉学派研究
|
|
| 作者: | 陈祖武 , 朱彤窗 著 | |
| 分册: | ||
| 出版信息: | 石家庄 河北人民出版社 2005 |
|
| 页数: | 722页 | |
| 开本: | 20cm | |
| 丛书名: | ||
| 单 册: | ||
| 中图分类: | B249.05 | |
| 科图分类: | ||
| 主题词: | 哲学--中国--清代 | |
| 电子资源: | ||
| ISBN: | 7-202-04070-0 | |
| 000 | 00757nam0 2200217 450 | |
| 001 | 0750067183 | |
| 005 | 20070718153945.64 | |
| 010 | @a7-202-04070-0@dCNY34.80 | |
| 100 | @a20070718d2005 km y0chiy0120 ea | |
| 101 | 0 | @achi |
| 102 | @aCN@b130000 | |
| 200 | 1 | @a乾嘉学派研究@Aqian jia xue pai yan jiu@f陈祖武,朱彤窗著@Fchen zu wu,zhu tong chuang zhu |
| 210 | @a石家庄@c河北人民出版社@d2005 | |
| 215 | @a722页@d20cm | |
| 330 | @a本书研究探讨了乾嘉时期清廷的文化政策、古学复兴之风的酝酿、经史考证主流地位的确立、乾嘉儒林举隅、学术随世运变迁、乾嘉遗风与历史反思。 | |
| 606 | 0 | @a哲学@x中国@x清代 |
| 690 | @aB249.05@v3 | |
| 701 | 0 | @a陈祖武@Achen zu wu@4著 |
| 701 | 0 | @a朱彤窗@Azhu tong chuang@4著 |
| 801 | 0 | @aCN@bPFT@c20070718 |
| 905 | @a10447@dB249.05@e47 | |
| 乾嘉学派研究/陈祖武,朱彤窗著.-石家庄:河北人民出版社,2005 |
| 722页;20cm |
| ISBN 7-202-04070-0:CNY34.80 |
| 本书研究探讨了乾嘉时期清廷的文化政策、古学复兴之风的酝酿、经史考证主流地位的确立、乾嘉儒林举隅、学术随世运变迁、乾嘉遗风与历史反思。 |
| ● |
| 相关链接 |
|
|
|
|
正题名:乾嘉学派研究
索取号:B249.05/47
 
预约/预借
| 序号 | 登录号 | 条形码 | 馆藏地/架位号 | 状态 | 备注 |
| 1 | 0780940 | 207809406 | 第一样本阅览室/ [索取号:B249.05/47] | 在馆 | |
| 2 | 0780941 | 207809415 | 第一借阅区/ [索取号:B249.05/47] | 在馆 | |
| 3 | 0780942 | 207809424 | 第一借阅区/ [索取号:B249.05/47] | 在馆 | |
| 4 | 0780943 | 207809433 | 教育系资料室/ [索取号:B249.05/47] | 在馆 | |
| 5 | 0780944 | 207809442 | 教育系资料室/ [索取号:B249.05/47] | 在馆 |